| 000 | nam a22 a 4500 | ||
|---|---|---|---|
| 999 |
_c627 _d627 |
||
| 003 | AKMAL | ||
| 005 | 20170504133957.0 | ||
| 008 | 170504s1996 my 00 may d | ||
| 020 |
_a9839315048 (kkt.): _cRM 12.00 |
||
| 040 | _aAKMAL | ||
| 082 | 0 | 4 | _a158 LUM |
| 090 |
_a158 _bLUM |
||
| 100 | 1 |
_aLumsden, Robert J. _91353 |
|
| 245 | 1 | 0 |
_a23 langkah menuju kejayaan / _cRobert J.Lumsden ; penterjemah Zulkifilee Yazid |
| 260 |
_aBatu Caves : _bALBAZ Pub. & Distribution, _c1996 |
||
| 300 |
_a130ms. ; _c22cm |
||
| 500 | _aTerjemahan dari: 23 steps to success and achievement | ||
| 650 |
_aSuccess _92 |
||
| 700 | 0 |
_aZulkifilee Yazid _91118 |
|
| 740 | 2 | _aDua puluh tiga langkah menuju kejayaan | |
| 942 |
_2ddc _cBOOK |
||